000 00663nam a2200265Ia 4500
005 20260324152550.0
008 008 260324s9999 xx 000 0 eng d
020 _a9780128015285
037 _aEBOOK
040 _aCRL
040 _beng
040 _cCRL
041 _2eng
041 _aeng
084 _qCRL
100 _aLiu, Louise
_91229140
245 0 _aAdvanced Nanomaterials and Their Applications in Renewable Energy
260 _bElsevier
260 _c2015
650 _aChemical Engineering
856 _uhttps://www.sciencedirect.com/science/book/9780128015285
942 _cEBOOK
999 _c1839827
_d1839827